[Event "Magistral 50 Blanca 2022"]
[Site "Buenos Aires"]
[Date "2022.03.25"]
[Round "1.1"]
[White "Flores, Diego"]
[Black "Diaz Hollemaert, Nahuel"]
[Result "0-1"]
[WhiteElo "2566"]
[BlackElo "2439"]
[Annotator "TA"]
[PlyCount "54"]
[EventDate "2022.03.25"]
[EventType "tourn"]
[EventCountry "ARG"]
[SourceTitle "playchess.com"]
[Source "ChessBase"]
[SourceVersionDate "2021.08.30"]
[SourceQuality "1"]

{[%evp 10,54,38,28,29,31,27,10,14,-163,-157,-350,-350,-350,-345,-346,-344,-339,-339,-343,-352,-365,-342,-342,-350,-403,-357,-349,-327,-461,-464,-458,-475,-511,-532,-537,-524,-515,-488,-502,-497,-682,-564,-883,-864,-1210,-955]} 1. c4 Nf6 2. g3 c6 3. Bg2 d5 4. Nf3 g6 5. Qa4 dxc4 6. Qxc4 Bg7 {A09: Réti Opening: 1 Nf3 d5 2 c4.} 7. O-O Be6 8. Qh4 h6 {[#] ...Ng4 is the strong threat. The position is equal.} 9. Nc3 $146 (9. Qa4 $11) ({Predecessor:} 9. Qa4 Qc8 10. Re1 O-O 11. d4 Nbd7 12. e4 Nb6 13. Qc2 Bh3 14. Kh1 Nfd7 15. Nc3 {0-1 (44) Nguyen,P (2360)-Strzemiecki,Z (2326) Warsaw 2009}) 9... Bg4 10. Ne5 $2 {[#]} (10. h3 $17 g5 11. Nxg5 hxg5 12. Qxg5) 10... g5 $1 $19 11. Qxg4 Nxg4 12. Nxg4 f5 13. Ne3 e6 14. b4 Nd7 15. b5 O-O 16. Ba3 Rf7 17. Rac1 Ne5 18. bxc6 bxc6 ({Wrong is} 18... Nxc6 $2 19. Bxc6 bxc6 20. Nc4) 19. d4 (19. Bc5 {keeps fighting.}) 19... Qxd4 {Black is clearly winning.} 20. Rfd1 Qb6 21. Rb1 Qa6 22. Rb3 Rd7 23. Rc1 Rad8 24. Bc5 Nc4 {[#] And now ...Nxe3 would win.} 25. h3 Nxe3 26. Bxe3 Bxc3 27. Rcxc3 Qxe2 {White got outplayed after the opening.  Weighted Error Value: White=0.80/Black=0.12 (very precise)} 0-1

[Event "Magistral 50 Blanca 2022"]
[Site "Buenos Aires"]
[Date "2022.03.25"]
[Round "1.2"]
[White "Santiago, Yago De Moura"]
[Black "Paveto, Kevin"]
[Result "1/2-1/2"]
[WhiteElo "2494"]
[BlackElo "2462"]
[Annotator "TA"]
[PlyCount "38"]
[EventDate "2022.03.25"]
[EventType "tourn"]
[EventCountry "ARG"]
[SourceTitle "playchess.com"]
[Source "ChessBase"]
[SourceVersionDate "2021.08.30"]
[SourceQuality "1"]

{[%evp 9,38,0,-10,-9,0,-11,2,1,7,5,10,11,3,0,0,0,0,5,22,0,0,0,0,0,0,0,0,0,0,0,0]} 1. d4 Nf6 2. c4 g6 3. Nc3 d5 4. Nf3 Bg7 5. h4 dxc4 {[%cal Oc7c5] The position is equal.} 6. e4 {D90: Grünfeld: 4 Nf3 Bg7 sidelines.} c5 7. d5 O-O (7... b5 $5 {[%cal Rb5b4]}) 8. Bxc4 b5 9. Bxb5 {aiming for 0-0.} Nxe4 $1 10. Nxe4 {[#] Hoping for Nc3.} Qa5+ 11. Nc3 $1 Bxc3+ 12. bxc3 Qxb5 13. h5 Ba6 14. hxg6 (14. Ne5 $5 {[%cal Rd1g4]}) 14... fxg6 {Strongly threatening ...Qc4.} 15. Ne5 {Inhibits Qc4.} Rf5 {[#]} 16. Ng4 $146 {[#] And now Nh6+ would win.} ({Predecessor:} 16. f4 Nd7 17. a4 Qb7 18. g4 Nxe5 19. gxf5 Nd3+ 20. Kd2 Nf2 21. Qf3 Nxh1 22. Qxh1 {1-0 (30) Halvax,G (2421)-Viviani,A (2268) Chess.com INT 2019}) 16... Rh5 17. Rxh5 Qf1+ 18. Kd2 Qd3+ 19. Ke1 Qf1+ {An interesting draw.  Weighted Error Value: White=0.02 (flawless) /Black=0.03 (flawless)} 1/2-1/2

[Event "Magistral 50 Blanca 2022"]
[Site "Buenos Aires"]
[Date "2022.03.25"]
[Round "1.3"]
[White "Romero Barreto, Jaime Jose"]
[Black "Tokman, Ariel"]
[Result "0-1"]
[WhiteElo "2333"]
[BlackElo "2315"]
[Annotator "TA"]
[PlyCount "84"]
[EventDate "2022.03.25"]
[EventType "tourn"]
[EventCountry "ARG"]
[SourceTitle "playchess.com"]
[Source "ChessBase"]
[SourceVersionDate "2021.08.30"]
[SourceQuality "1"]

{[%evp 9,84,0,6,-2,-11,-21,-13,-17,0,0,0,0,10,0,0,0,8,0,0,-2,12,7,63,16,53,53,45,45,31,43,54,67,78,77,132,35,45,12,18,29,10,0,0,-216,0,0,14,5,5,-15,-13,-12,0,0,19,-22,0,0,0,0,88,95,89,-464,-74,-1313,-1283,-29987,-29988,-29989,-29990,-29990,-29990,-29991,-29985,-29990,-29991]} 1. e4 c6 2. Nf3 d5 3. d3 g6 4. Nbd2 Bg7 5. g3 e5 6. b3 {B10: Caro-Kann: 2 d3 and 2 c4.} Ne7 7. Bb2 d4 {[#]} 8. c3 $146 {The position is equal.} ({Predecessor:} 8. Bg2 O-O 9. O-O c5 10. a4 Nbc6 11. Nc4 h6 12. Bc1 Be6 13. Ne1 a6 14. a5 Bxc4 15. dxc4 Nxa5 {1-0 (75) Philipowski,R (2299)-Kachiani Gersinska,K (2439) Germany 2002}) 8... O-O 9. cxd4 exd4 10. Bg2 Na6 11. O-O c5 12. Ne1 Nc7 13. Ba3 Na6 14. Nc2 Nc6 15. f4 f5 ({Black should try} 15... Be6 $11) 16. e5 (16. b4 $14 cxb4 17. Nxb4 $1 Ncxb4 18. Qb3+ Kh8 19. Bxb4) 16... Re8 17. b4 cxb4 {[#]} 18. Nxb4 Naxb4 19. Bxb4 Nxb4 20. Qb3+ Be6 21. Qxb4 Bf8 ({Black should play} 21... Rb8) 22. Qb5 ({Better is} 22. Qxb7 $16 Rc8 23. Qxa7) 22... Rc8 23. Rfc1 Rc3 24. Bxb7 Re7 {[%cal Og6g5]} 25. Bg2 Rec7 26. Nb3 {[#]} (26. Rd1 $11 {and White has nothing to worry.}) 26... Kg7 $2 (26... a6 $1 $19 27. Qxa6 Bxb3 28. Rxc3 dxc3 29. axb3 Qd4+ 30. Kh1 Be7) 27. Rd1 g5 28. Qa6 Bc8 29. Qa5 gxf4 30. gxf4 Be6 31. Qa6 Bc8 32. Qa5 (32. Qa4 {feels stronger.}) 32... Be6 {[%cal Bc8e6,Be6d5,Bd5f3][%mdl 32]} 33. Kh1 Kh8 34. Qa6 Qd7 {[#]} (34... R3c6 $11 35. Qxc6 (35. Bxc6 {leads to mate.} Bd5+ 36. Bxd5 Qxd5+ 37. Kg1 Rg7+) 35... Rxc6 36. Bxc6 Bd5+ 37. Bxd5 Qxd5+ 38. Kg1 Qf3) 35. Nxd4 $1 $16 Bd5 {[#]} 36. Nf3 $2 {[%mdl 8192]} (36. Qf6+ $1 $16 Bg7 37. Qd6 Qxd6 38. exd6 Bxg2+ 39. Kxg2) 36... Rc2 $2 (36... R7c6 $19 37. Qa5 Rc2) 37. Rg1 $2 {[%mdl 8192]} (37. Qf6+ $17 Qg7 38. Qg5) 37... R7c6 $19 {( -> ...Rxg2)} 38. Qa4 {[#]} Rxg2 $1 {[%mdl 576] Remove Defender. Black mates.} 39. Rxg2 (39. Qd1 Rxg1+) 39... Bxf3 {[%mdl 64] Discovered Attack. A strong pair of Bishops.} 40. Qb3 Rg6 {[%mdl 64] Pin} 41. Rag1 Bc5 42. Qb8+ Kg7 $1 {Weighted Error Value: White=0.70/Black=0.38} 0-1

[Event "Magistral 50 Blanca 2022"]
[Site "Buenos Aires"]
[Date "2022.03.25"]
[Round "1.4"]
[White "Labollita, Martin"]
[Black "Fiorito, Fabian"]
[Result "0-1"]
[WhiteElo "2388"]
[BlackElo "2357"]
[Annotator "TA"]
[PlyCount "60"]
[EventDate "2022.03.25"]
[EventType "tourn"]
[EventCountry "ARG"]
[SourceTitle "playchess.com"]
[Source "ChessBase"]
[SourceVersionDate "2021.08.30"]
[SourceQuality "1"]

{[%evp 9,60,7,18,10,10,33,12,0,3,0,16,11,18,15,20,21,21,22,46,17,10,16,57,4,14,25,111,109,143,158,137,127,150,111,184,214,393,378,378,374,549,500,659,655,774,812,794,722,720,713,698,-29998,-29999]} 1. d4 Nf6 2. Nf3 d5 3. Bf4 c5 4. e3 Nc6 5. Nbd2 cxd4 6. exd4 {D02: 1 d4 d5 2 Nf3 sidelines, including 2...Nf6 3 g3 and 2...Nf6 3 Bf4.} a6 7. c3 Bf5 {Prevents Bd3.} 8. Qb3 {The position is equal.} Na5 9. Qd1 Nc6 10. Be2 e6 11. Nh4 Be4 12. Nxe4 dxe4 13. g3 Bd6 {[#]} 14. Bc1 $146 ({Predecessor:} 14. Ng2 O-O 15. Bxd6 Qxd6 16. Ne3 Rad8 17. O-O e5 18. dxe5 Nxe5 19. Qxd6 Rxd6 20. Rfd1 Rfd8 21. Rxd6 Rxd6 22. Rd1 Rxd1+ 23. Bxd1 {1-0 (51) Simonsen,C (2232)-Pedersen,N (2244) Denmark 2020}) 14... h6 15. O-O Ne7 (15... O-O $11) 16. c4 (16. f3 $14) 16... Bc7 17. b4 g5 (17... O-O $11 {keeps the balance.}) 18. Ng2 $16 Nf5 19. Bb2 Qe7 20. Qa4+ Kf8 21. Rad1 {Strongly threatening Ne3.} Rd8 (21... h5 $16) 22. Ne3 Bf4 $2 (22... Nxe3 23. fxe3 h5) 23. Nxf5 $18 (23. gxf4 gxf4 24. Nxf5 exf5 $18) 23... exf5 24. Qa5 ({Don't take} 24. gxf4 gxf4 25. Rde1 e3 26. fxe3 fxe3 $18) 24... e3 (24... Rg8 $142 25. Qxf5 (25. gxf4 gxf4+ 26. Kh1 f3 $18) 25... Re8) 25. gxf4 exf2+ 26. Rxf2 gxf4 {[#] White must now prevent ...Rg8+.} 27. Qxf5 Rg8+ 28. Kf1 Ne4 29. Rxf4 Re8 30. Bh5 $4 {[%mdl 8192] [#]} (30. Qe5 $18 Qg5 31. Qxg5 hxg5 32. Rg4) 30... Nd2+ $1 {[%mdl 576] Deflection, Back Rank. Black used his chance.  Weighted Error Value: White=0.40/Black=0.37} 0-1

[Event "Magistral 50 Blanca 2022"]
[Site "Buenos Aires"]
[Date "2022.03.25"]
[Round "1.5"]
[White "Pichot, Alan"]
[Black "Roselli Mailhe, Bernardo"]
[Result "1/2-1/2"]
[WhiteElo "2625"]
[BlackElo "2426"]
[Annotator "TA"]
[PlyCount "77"]
[EventDate "2022.03.25"]
[EventType "tourn"]
[EventCountry "ARG"]
[SourceTitle "playchess.com"]
[Source "ChessBase"]
[SourceVersionDate "2021.08.30"]
[SourceQuality "1"]

{[%evp 23,77,103,104,1,8,-37,-28,-47,-56,-77,-69,-85,-67,-58,-79,-81,-37,-50,-35,-35,-60,-39,-41,-31,0,0,0,0,26,0,16,7,15,0,0,0,0,0,0,0,0,0,0,0,0,0,0,0,0,0,0,0,0,0,0,0]} 1. e4 e6 2. d4 d5 3. Nc3 Bb4 4. e5 c5 5. a3 Ba5 6. b4 cxd4 7. Qg4 Ne7 8. bxa5 dxc3 9. Qxg7 Rg8 10. Qxh7 Qc7 11. Nf3 Nbc6 12. Bf4 Bd7 13. Bg3 {C18: French: 3 Nc3 Bb4: Main line: 7 h4 and 7 Qg4.} (13. a6 $16) 13... O-O-O $11 14. Qd3 (14. Bd3 $11 {is superior.}) 14... Qxa5 $15 15. Be2 {Black has an edge.} Nf5 16. O-O Qc5 17. Rfb1 Na5 {[#]} (17... Nxg3 18. hxg3 a6 {[#]} 19. Qxa6 $1 bxa6 20. Bxa6+ Kc7 21. Rb7+ Kc8 22. Rb5+ Kc7 23. Rb7+ (23. Rxc5 Kb6 $17) 23... Kc8 24. Rab1 $14 (24. Rb5+ Kc7 $14)) 18. Bh4 $146 ({Predecessor:} 18. Kh1 Rg4 19. Rb4 Rxb4 20. axb4 Qxb4 21. Bf4 a6 22. Bc1 Nc4 23. g4 Nb2 24. Bxb2 cxb2 {0-1 (30) De Gueldre,P (2161)-Donovan,L (2200) Belgium 2009}) 18... Nxh4 19. Nxh4 a6 (19... Bc6 $17) 20. Nf3 $1 Bb5 21. Qd4 Qxd4 22. Nxd4 Bxe2 23. Nxe2 d4 24. Rd1 Nc6 25. f4 Rd5 26. h4 Kc7 {The position is equal.} (26... Rh8 $5 {[%cal Rh8h4]}) 27. Rd3 b5 28. Rad1 Kb6 29. h5 a5 30. Kf2 {[%cal Re2d4]} b4 31. axb4 axb4 32. Nxd4 Nxd4 33. Rxd4 Kc5 34. Rxd5+ exd5 $11 {KR-KR} 35. h6 {[#] Black must now prevent Rh1.} d4 {Hoping for ...Rh8.} 36. Kf3 {aiming for g4.} Rh8 37. Ke4 $1 ({Avoid the trap} 37. Rh1 $2 d3 38. Ke4 dxc2 $19) 37... Rxh6 {...Rh2 is the strong threat.} 38. Rxd4 Rh2 39. Rd5+ {Weighted Error Value: White=0.14 (very precise) /Black=0.05 (flawless)} 1/2-1/2

[Event "Magistral 50 Blanca 2022"]
[Site "Buenos Aires"]
[Date "2022.03.26"]
[Round "2.1"]
[White "Diaz Hollemaert, Nahuel"]
[Black "Roselli Mailhe, Bernardo"]
[Result "1/2-1/2"]
[WhiteElo "2439"]
[BlackElo "2426"]
[Annotator "TA"]
[PlyCount "42"]
[EventDate "2022.03.25"]
[EventType "tourn"]
[EventCountry "ARG"]
[SourceTitle "playchess.com"]
[Source "ChessBase"]
[SourceQuality "1"]

{[%evp 20,27,47,48,50,34,55,32,39,37]} 1. d4 Nf6 2. c4 g6 3. Nf3 Bg7 4. g3 O-O 5. Bg2 d6 6. O-O Nbd7 7. Nc3 e5 8. e4 c6 9. Re1 Re8 10. h3 a5 11. Be3 {White is slightly better.} exd4 {E69: King's Indian: Fianchetto: 6...Nbd7 7 0-0 e5 8 e4 c6 9 h3.} 12. Nxd4 Nc5 {[%cal Rc5e4]} 13. f3 Qe7 14. Bf2 {[#] White took control after the opening.  Weighted Error Value: White=0.09 (flawless) /Black=0.02 (flawless)} {Predecessor:} Be6 $146 15. Nxe6 Nxe6 16. Qd2 a4 17. Rad1 Red8 18. f4 Rd7 19. Nd5 cxd5 20. exd5 Re8 21. dxe6 fxe6 {1-0 (41) Jankovec,I (2265)-Stratil,P (2270) Czechoslovakia 1992} 1/2-1/2

[Event "Magistral 50 Blanca 2022"]
[Site "Buenos Aires"]
[Date "2022.03.26"]
[Round "2.2"]
[White "Fiorito, Fabian"]
[Black "Pichot, Alan"]
[Result "0-1"]
[WhiteElo "2357"]
[BlackElo "2625"]
[Annotator "TA"]
[PlyCount "76"]
[EventDate "2022.03.25"]
[EventType "tourn"]
[EventCountry "ARG"]
[SourceTitle "playchess.com"]
[Source "ChessBase"]
[SourceQuality "1"]

{[%evp 25,76,0,0,0,14,12,15,3,7,4,12,0,37,28,46,19,38,27,64,10,43,6,93,4,45,27,34,-77,0,0,0,0,0,0,0,-311,-275,-545,-530,-734,-704,-739,-704,-760,-497,-456,-200,-1363,-1558,-4396,-2563,-5306,-5306]} 1. d4 Nf6 2. c4 e6 3. Nc3 Bb4 4. e3 O-O 5. Bd3 d5 6. Nf3 dxc4 7. Bxc4 c5 8. O-O cxd4 9. exd4 b6 10. Bg5 Bb7 11. Qe2 Bxc3 12. bxc3 Nbd7 13. Rac1 Qc7 14. Nd2 {E54: Nimzo-Indian: Rubinstein: Main Line: 7...dxc4 8 Bxc4.} Rac8 15. Rfe1 Nd5 16. Bxd5 {The position is equal.} Bxd5 17. c4 Bb7 {[#]} 18. Qe3 $146 ({Predecessor:} 18. Qg4 f5 19. Qh4 e5 20. d5 Nc5 21. Rc3 Rf7 22. Rh3 g6 23. Rhe3 Nd7 24. Rb1 {½-½ (30) Kamanel Zamora,J (2354)-Sapundjiev,G (2404) ICCF email 2010}) 18... b5 {[%cal Rb5c4]} 19. c5 Bd5 20. f3 Qc6 21. Ne4 a5 22. a3 ({White should play} 22. Qd2 $14) 22... h6 23. Bh4 (23. Be7 $5 {[%cal Re7f8]}) 23... f6 (23... b4 $1 $11 {keeps the balance.}) 24. Nd6 (24. Qd2 $16) 24... Rb8 (24... Ra8 $11 {deserves consideration.}) 25. Bg3 $14 b4 26. a4 (26. Nc4 $14 {stays ahead.} Ra8 27. Qd3) 26... Qxa4 (26... b3 $17 27. Nb5 Rxb5 28. axb5 Qxb5) 27. c6 $11 {Black must now prevent c7.} Nb6 {[%cal Ob8c8]} 28. Rc5 {[%cal Od6f5]} b3 29. c7 Ra8 30. Rxd5 $4 {[%mdl 8192]} exd5 $19 31. Qe6+ $2 (31. Rb1 Nc4 32. Qe6+ (32. Qxb3 $2 Qxb3 33. Rxb3 a4 $19) 32... Kh7 33. Qf5+ (33. Qxd5 $2 Nd2 $19) 33... Kh8 $19) (31. Nf5 Rfe8 32. Ne7+ Kh8 33. Bh4) 31... Kh8 32. Nf7+ {[#]} Rxf7 $1 33. Qxb6 (33. Qxf7 b2) 33... Qc4 34. Bd6 Kh7 {Strongly threatening ...Ra6.} 35. Qb8 Qc6 ({Worse is} 35... Rxb8 36. cxb8=Q Qxd4+ 37. Kh1 $17) (35... Qxd4+ $142 36. Kf1 Qc4+ 37. Kg1 Qc6 38. Qxb3 Qxd6 39. Qc2+ f5) 36. Bf4 $2 (36. Qxb3 Qxd6 37. Qc2+ f5 38. c8=Q Rxc8 39. Qxc8) 36... a4 {[%cal Of7c7] aiming for ...Rxc7! Black is clearly winning.} 37. Rc1 {[#]} Rxc7 $3 {[%mdl 512] ( -> ...Qxc1+)} 38. Qxc7 (38. Qxa8 Qxa8) 38... Qxc7 {Weighted Error Value: White=0.96/Black=0.38} 0-1

[Event "Magistral 50 Blanca 2022"]
[Site "Buenos Aires"]
[Date "2022.03.26"]
[Round "2.3"]
[White "Tokman, Ariel"]
[Black "Labollita, Martin"]
[Result "1/2-1/2"]
[WhiteElo "2315"]
[BlackElo "2388"]
[Annotator "TA"]
[PlyCount "66"]
[EventDate "2022.03.25"]
[EventType "tourn"]
[EventCountry "ARG"]
[SourceTitle "playchess.com"]
[Source "ChessBase"]
[SourceQuality "1"]

{[%evp 12,66,19,0,26,18,10,0,32,25,78,81,84,44,88,87,87,100,92,74,77,80,183,14,27,0,104,27,32,32,27,22,19,19,51,0,0,0,0,0,0,0,591,-104,-104,-104,-46,-42,0,0,0,0,105,0,0,0,101]} 1. Nf3 c5 2. g3 b6 3. Bg2 Bb7 4. O-O Nf6 5. d3 e6 6. e4 d6 7. Nh4 Qc7 {A05: Réti Opening: 1 Nf3 Nf6.} 8. f4 Nc6 {[#]} 9. Nc3 $146 ({Predecessor:} 9. c3 Be7 10. f5 e5 11. Na3 Qd8 12. Nf3 O-O 13. c4 Nd4 14. Nxd4 cxd4 15. Nc2 {½-½ (51) Nivala,T (2213)-Sorvari,J Finland 2012}) 9... Nd4 10. f5 O-O-O (10... Be7 $11 {keeps the balance.}) 11. fxe6 fxe6 12. Nf3 Kb8 (12... a6 $14) 13. Nxd4 $16 cxd4 14. Nb5 {[%csl LRc7,LRd4]} Qc5 15. a4 e5 16. Qe2 $1 {[%cal Oc2c3] And now c3! would win.} Be7 (16... Qc8 $16) 17. b4 $2 (17. c3 $1 $18) 17... Qc6 $11 18. Bd2 (18. c4 {feels hotter.} dxc3 19. Ra3 Qd7 20. Rxc3 Rc8 21. Bd2) 18... Qd7 (18... Qxc2 $11 19. Rfc1 Qb3) 19. Na3 (19. c3 $1 $16) 19... Rc8 20. b5 d5 21. exd5 {aiming for Nc4.} Bxa3 22. Rxa3 Qd6 23. Rfa1 ({White should try} 23. Ra2 $14) 23... Rxc2 24. a5 $1 {[%cal Od2b4] Bb4! is the strong threat.} (24. Bb4 Qc7 25. d6 Qc5 $1 26. Bxc5 Rxe2 27. Bxb7 Kxb7 $17) 24... Rhc8 {[%cal Oc8c3]} (24... Bxd5 $2 25. axb6 Bxg2 26. Rxa7 $18) 25. axb6 axb6 26. Ra7 Rb2 $2 {[%mdl 8192] [#]} (26... R8c7 $11 {and Black stays safe.}) 27. R7a2 $2 (27. Bb4 $1 $18 {[%cal Rb4d6][%mdl 512]} Rxb4 28. Qa2 Rb1+ 29. Qxb1) 27... Rxa2 $17 ({Don't play} 27... Rxb5 $6 28. Qd1 Rc3 29. Bxc3 (29. Qa4 Ra5 $17) 29... dxc3 30. Qe1 $11 (30. Qa4 Qc5+ 31. Kh1 Ra5 $11)) 28. Rxa2 Bxd5 (28... Nxd5 $17 29. Qe4 g6) 29. Ra1 $1 $15 {[%cal Od2b4]} h6 (29... Bxg2 $15 30. Qxg2 Qd5 31. Qxd5 Nxd5) 30. Bb4 $11 Qe6 (30... Qxb4 $2 31. Qxe5+ Rc7 32. Bxd5 Nxd5 33. Qxd5 $18) 31. Re1 Re8 {[#]} (31... Bxg2 $11 32. Qxg2 Rc7) 32. Rc1 ({White has to play} 32. Qxe5+ $1 $16 {[%mdl 512]} Qxe5 33. Rxe5 Bxg2 34. Bd6+ (34. Kxg2 Kc7 $16) 34... Ka8 35. Kxg2) 32... Rc8 33. Re1 Re8 {Weighted Error Value: White=0.52/Black=0.58} (33... Bxg2 $11 34. Qxg2 Rc7) 1/2-1/2

[Event "Magistral 50 Blanca 2022"]
[Site "Buenos Aires"]
[Date "2022.03.26"]
[Round "2.5"]
[White "Flores, Diego"]
[Black "Santiago, Yago De Moura"]
[Result "0-1"]
[WhiteElo "2566"]
[BlackElo "2494"]
[Annotator "TA"]
[PlyCount "50"]
[EventDate "2022.03.25"]
[EventType "tourn"]
[EventCountry "ARG"]
[SourceTitle "playchess.com"]
[Source "ChessBase"]
[SourceQuality "1"]

{[%evp 9,50,13,14,0,0,0,0,0,0,0,0,0,12,-21,-4,-10,-5,-21,-12,-44,-55,-44,-19,-129,-127,-288,-297,-358,-325,-438,-428,-443,-406,-500,-485,-489,-512,-484,-414,-512,-483,-541,-478]} 1. e4 c6 2. d4 d5 3. e5 c5 4. dxc5 e6 5. a3 Bxc5 6. b4 {B12: Caro-Kann: Advance Variation.} Be7 7. Qg4 g6 8. Nf3 {The position is equal.} a5 9. b5 ({Don't play} 9. Bb5+ Bd7 10. Bxd7+ Nxd7 $15) 9... h5 10. Qf4 {[#]} Nd7 $146 {[%cal Bb8d7,Bd7c5,Bc5b3,Bb3a1][%mdl 32]} ({Predecessor:} 10... Nh6 11. c4 dxc4 12. Bxc4 Nf5 13. O-O b6 14. Nc3 Bb7 15. Rd1 Qc7 16. Ne4 Bxe4 17. Qxe4 {1-0 (45) Caspi,I (2510)-Balabayeva,K (2116) Belgrade 2021}) 11. Be2 Nc5 12. O-O Nh6 13. Rd1 Nf5 14. c4 Nb3 15. cxd5 $1 exd5 {Hoping for ...a4.} ({Much worse is} 15... Nxa1 16. dxe6 Qc7 17. exf7+ Kf8 18. Bc4 $11) 16. Nc3 Nxa1 $17 17. Nxd5 $2 {[#] Loses the game.} (17. Qa4 $17) 17... Be6 $1 $19 18. Qe4 Rc8 {aiming for ...Bxd5.} 19. Bb2 Nb3 ({But not} 19... Bxd5 $2 20. Rxd5 Qb6 21. Bc4 $19) 20. Nf6+ Bxf6 21. exf6 Qb6 22. Ng5 Nc5 23. Qf4 Rd8 24. Re1 Qd6 25. Qc1 {[#]} Qd2 $1 {Weighted Error Value: White=0.41/Black=0.07 (flawless)} 0-1

[Event "Magistral 50 Blanca 2022"]
[Site "Buenos Aires"]
[Date "2022.03.27"]
[Round "3.1"]
[White "Santiago, Yago De Moura"]
[Black "Diaz Hollemaert, Nahuel"]
[Result "1-0"]
[WhiteElo "2494"]
[BlackElo "2439"]
[Annotator "TA"]
[PlyCount "103"]
[EventDate "2022.03.25"]
[EventType "tourn"]
[EventCountry "ARG"]
[SourceTitle "playchess.com"]
[Source "ChessBase"]
[SourceQuality "1"]

{[%evp 9,103,0,0,0,0,0,-2,-24,-25,-24,-8,-29,9,15,2,0,0,0,0,0,0,0,13,15,22,24,36,24,50,37,51,25,28,38,39,17,20,0,15,10,16,7,16,0,46,43,83,20,68,30,30,30,30,30,30,22,35,33,100,105,95,25,87,87,107,89,105,86,125,125,169,176,183,172,161,70,107,103,131,125,138,131,130,137,187,170,172,172,215,229,234,215,332,332,1066,1047]} 1. d4 d5 2. c4 c6 3. Nf3 Nf6 4. Qc2 g6 5. cxd5 cxd5 6. Bf4 {D11: Slav Defence: 3 Nf3 sidelines and 3...Nf6 4 e3 Bg4.} Nc6 7. e3 Nh5 8. Bg5 {[#] The position is equal.} f6 $146 ({Predecessor:} 8... h6 9. Bh4 Bg7 10. Nc3 g5 11. Bg3 Nxg3 12. hxg3 e6 13. g4 Bd7 14. a3 a6 {½-½ (28) Fatalibekova,E (2252)-Khropova,L (2009) Opatija 2013}) 9. Bh4 Bf5 10. Qb3 Qb6 (10... g5 {is more complex.} 11. Bg3 Na5 12. Qa4+ Kf7 13. Nc3 Nxg3 14. hxg3 e6) 11. Qxb6 $1 axb6 12. Nc3 g5 $1 13. Bg3 ({Of course not} 13. Nxd5 O-O-O 14. Nxb6+ Kc7 $15) 13... Nxg3 14. hxg3 e6 15. Kd2 {[%cal Be1d2,Bd2d3,Bd3e2][%mdl 32]} Kf7 16. Bd3 Bxd3 17. Kxd3 Kg6 18. g4 Bg7 19. Ke2 Rhd8 20. Rhd1 (20. a3 {with more complications.} h6 21. Raf1 Rac8 22. Rc1 Rb8 23. Nb5) 20... h5 21. gxh5+ Kxh5 22. Ne1 (22. Rh1+ {looks sharper.} Kg6 23. g4 Rac8 24. a3 Bf8 25. Kd3) 22... Kg6 23. g3 Bf8 24. Nd3 Ra5 25. a3 Rda8 26. Rac1 Rd8 (26... b5 $1 $11) 27. f4 $14 {[%cal Bf2f4,Bf4f5][%mdl 32]} Raa8 28. g4 ({White should play} 28. Rh1 $16) 28... Bd6 (28... Bh6 $1 $11) 29. f5+ Kf7 30. Rh1 Rh8 {Inhibits Rh7+.} 31. Nb5 Ke7 32. fxe6 Kxe6 33. Rcf1 {Strongly threatening Rxh8.} Rxh1 (33... Bg3 $14) 34. Rxh1 $16 Rc8 35. Rh7 (35. b4 $16) 35... Ne7 (35... Na5 $1 $11 {keeps the balance.}) 36. Kd2 Bb8 37. Nc3 Rd8 38. Ne1 Rd7 39. Na4 Bc7 {[#]} (39... Ba7 $16) 40. Nd3 $1 $18 Bd8 41. Kd1 Kd6 42. Kc2 (42. Nb4 $18) 42... Ng6 43. Rh6 Rg7 44. Nc3 {Black must now prevent Nb4.} Ke6 45. Nb4 Ne7 46. Kd3 {White is more active.} Bc7 (46... Rg8 $16 {might work better.} 47. Rh7 Rf8) 47. e4 dxe4+ 48. Kxe4 ({Don't take} 48. Nxe4 Ng8 49. d5+ Kd7 50. Nxf6+ Nxf6 51. Rxf6 Be5 52. Rxb6 Kc7 $16) 48... Nc8 {[#]} (48... Bd8 {was worth a try.} 49. Nbd5 (49. d5+ Kd7 $16) 49... Nxd5 50. Nxd5 Rd7) 49. Nb5 $1 Bd8 50. Nd5 {Prevents Re7.} Rd7 (50... Rf7 $142 51. Rh8 Rd7) 51. Ne3 {Pair of Knights!} Be7 $2 (51... Nd6+ 52. Nxd6 Kxd6) 52. Rh7 {Weighted Error Value: White=0.11 (very precise) /Black=0.19 (very precise)} 1-0